000 00386cam a22001217a 4500
008 180718b1936 xxu||||| |||| 00| 0 eng d
082 _aT16 W197
100 _aWarbasse, James Peter
245 _aCo-operative democracy : through voluntary association of the people as consumers
_cby James Peter Warbasse
260 _aNew York
_bHarper
_c1936
300 _axii,324p.
650 _aDemocracy
999 _c434981
_d434981